Statistics for Biggest Cities in Tasmania Quiz

Click here to take the quiz!

General Stats

  • This quiz has been taken 200 times
  • The average score is 10 of 25

Answer Stats

PopulationAnswer% Correct
126,048Hobart
100%
68,443Launceston
94%
21,575Devonport
83%
18,095Burnie
76%
2,352Queenstown
53%
9,515Ulverstone
48%
14,827Kingston
46%
3,149Smithton
42%
4,635Wynyard
42%
4,129George Town
40%
2,032Deloraine
38%
5,011New Norfolk
38%
3,606Sorell-Midway Point
38%
2,910Penguin
34%
2,690Latrobe
28%
1,984Perth
26%
18,095Somerset
25%
6,693Bridgewater
24%
2,827Longford
21%
14,827Blackmans Bay
17%
2,445Lauderdale
15%
2,144Legana
12%
2,476Dodges Ferry
10%
6,693Gagebrook
9%
1,979Old Beach
6%

Score Distribution

Percentile by Number Answered

Percent of People with Each Score

Your Score History

You have not taken this quiz